[Event "14e Open International de la Reunion"]
[Site "St Denis"]
[Date "2012.10.11"]
[Round "7.2"]
[White "Letreguilly, Olivier"]
[Black "Seyfried, Claus"]
[Result "1/2-1/2"]
[WhiteElo "2343"]
[BlackElo "2160"]
[PlyCount "110"]
[EventDate "2012.??.??"]

1. e4 e6 2. d4 d5 3. Nc3 Nf6 4. Bg5 Bb4 5. exd5 Qxd5 6. Bxf6 gxf6 7. a3 Bxc3+
8. bxc3 b6 9. Be2 Qe4 10. Kf1 Ba6 11. Bxa6 Nxa6 12. Qf3 Qxf3 13. Nxf3 Ke7 14.
Ke2 c5 15. Rhd1 Rhd8 16. Rd3 Rac8 17. Kd2 Nc7 18. Ng1 Nd5 19. Ne2 f5 20. Re1
Rg8 21. Rg3 Nf6 22. f3 h5 23. Rxg8 Rxg8 24. Nf4 Kd6 25. Re2 h4 26. Nd3 Nd7 27.
Nb2 b5 28. a4 a6 29. axb5 axb5 30. Nd3 Ra8 31. Re1 Ra4 32. Rb1 Kc6 33. dxc5 f6
34. Nb2 Ra8 35. c4 bxc4 36. Nxc4 Kxc5 37. Nb2 Ne5 38. Re1 Rg8 39. Re2 h3 40.
gxh3 Nxf3+ 41. Ke3 Ne5 42. Kf4 Rh8 43. Kg3 Kd4 44. Nd1 f4+ 45. Kxf4 Rxh3 46.
Rd2+ Kc5 47. Nf2 Rf3+ 48. Ke4 Rc3 49. Nd3+ Nxd3 50. cxd3 Rc1 51. d4+ Kd6 52.
Ra2 Re1+ 53. Kd3 Rh1 54. Ra6+ Ke7 55. Ra7+ Kd6 1/2-1/2

[Event "14e Open International de la Reunion"]
[Site "St Denis"]
[Date "2012.10.11"]
[Round "7.3"]
[White "Rakotomaharo, Fy Antenaina"]
[Black "Hecht, Hans-Joachim"]
[Result "0-1"]
[WhiteElo "1995"]
[BlackElo "2347"]
[PlyCount "110"]
[EventDate "2012.??.??"]

1. b3 e5 2. Bb2 d6 3. e3 Nf6 4. Nf3 g6 5. c4 Bg7 6. Be2 O-O 7. O-O c5 8. d3 Nc6
9. Nc3 d5 10. cxd5 Nxd5 11. Rc1 b6 12. Qc2 Bb7 13. Nd2 Rc8 14. Qb1 Nc7 15. Bf3
Qd7 16. Rfd1 Rfd8 17. Nf1 Ne6 18. a3 Ne7 19. Bxb7 Qxb7 20. b4 cxb4 21. axb4 b5
22. Ne4 Qd5 23. Nc3 Qb7 24. Ne4 a6 25. Rxc8 Qxc8 26. Qa1 Nc6 27. Qa3 Bf8 28.
Rc1 Qb7 29. Nf6+ Kh8 30. Qb3 Nxb4 31. Rd1 Nd5 32. Bxe5 Bg7 33. Qb2 a5 34. Ne4
f5 35. Ned2 b4 36. Ra1 Nc3 37. Bxg7+ Qxg7 38. Nc4 a4 39. d4 Nxd4 40. exd4 Qxd4
41. Qd2 Qf6 42. Qb2 Ne2+ 43. Qxe2 Qxa1 44. Qe7 Rg8 45. Ne5 h5 46. h4 Rg7 47.
Qf6 Kh7 48. Qd6 a3 49. Nf3 a2 50. Ng5+ Kh6 51. Kh2 Qc3 52. Qf8 Qc7+ 53. Ng3 Qe7
54. Qh8+ Rh7 55. Nxh7 Qg7 0-1

[Event "14e Open International de la Reunion"]
[Site "St Denis"]
[Date "2012.10.11"]
[Round "7.4"]
[White "Chan-Kai-Hou, Fabrice"]
[Black "Reinhart, Emmanuel"]
[Result "0-1"]
[WhiteElo "1954"]
[BlackElo "2312"]
[PlyCount "116"]
[EventDate "2012.??.??"]

1. c4 c6 2. e4 d5 3. exd5 Nf6 4. Nc3 cxd5 5. cxd5 Nxd5 6. Nf3 e6 7. d4 Be7 8.
Bc4 Nxc3 9. bxc3 Qc7 10. Qd3 Nc6 11. Bb3 O-O 12. O-O Qa5 13. Bf4 Bf6 14. Rfe1
Bd7 15. Ne5 Rfd8 16. Bc2 g6 17. Ng4 Be7 18. Qf3 Be8 19. Ne5 Rac8 20. Bb3 Nxe5
21. Bxe5 Bc6 22. Qe3 Bd5 23. Qh6 f6 24. c4 Bxc4 25. Re3 Qd2 26. Bf4 Bf8 27. Qh4
Qxd4 28. Rae1 Bxb3 29. axb3 e5 30. Rh3 Rd7 31. Qxf6 Qxf4 32. Qe6+ Qf7 33. Qg4
Qf5 34. Qa4 Rf7 35. Rf3 Qd7 36. Qxa7 Rxf3 37. gxf3 Qd5 38. Qe3 Bc5 39. Qxe5
Qxe5 40. Rxe5 Kf7 41. b4 Bd6 42. Rb5 Rc7 43. Kg2 Ke6 44. h4 h5 45. Rg5 Rg7 46.
Rb5 Be5 47. Kf1 Bf6 48. Rb6+ Ke5 49. f4+ Kf5 50. Kg2 Bd8 51. Rd6 Bxh4 52. Kf3
Be7 53. Rd5+ Ke6 54. Re5+ Kd7 55. b5 Rf7 56. Ke4 Bd6 57. Rd5 Rxf4+ 58. Ke3 Rf5
0-1

[Event "14e Open International de la Reunion"]
[Site "St Denis"]
[Date "2012.10.11"]
[Round "7.5"]
[White "Rodier, David"]
[Black "Calmels, Nicolas"]
[Result "1-0"]
[WhiteElo "2133"]
[BlackElo "1830"]
[PlyCount "43"]
[EventDate "2012.??.??"]

1. d4 Nf6 2. c4 e6 3. Nc3 b6 4. e4 d6 5. f4 Be7 6. Nf3 O-O 7. Bd3 Ne8 8. Qe2
Bb7 9. h4 f6 10. g4 Nd7 11. d5 Nc5 12. Bc2 f5 13. gxf5 exf5 14. b4 fxe4 15. Ng5
Nd3+ 16. Bxd3 exd3 17. Qe6+ Kh8 18. Nf7+ Rxf7 19. Qxf7 Bxh4+ 20. Kf1 Nf6 21.
Rxh4 Ne4 22. Rg4 1-0

[Event "14e Open International de la Reunion"]
[Site "St Denis"]
[Date "2012.10.11"]
[Round "7.6"]
[White "Roblet, Charles"]
[Black "Hamon, Christian"]
[Result "1/2-1/2"]
[WhiteElo "2058"]
[BlackElo "2053"]
[PlyCount "71"]
[EventDate "2012.??.??"]

1. e4 Nf6 2. e5 Nd5 3. d4 d6 4. c4 Nb6 5. exd6 cxd6 6. Nc3 Nc6 7. Be2 Bf5 8.
Be3 g6 9. b3 Bg7 10. Rc1 d5 11. c5 Nc8 12. f4 O-O 13. Nf3 e6 14. O-O Bg4 15.
Ne5 Bxe2 16. Nxe2 N8e7 17. Qd2 f6 18. Nf3 Nf5 19. Rfd1 Qd7 20. a3 Rfe8 21. Bf2
Rad8 22. b4 a6 23. Kh1 e5 24. fxe5 fxe5 25. Nxe5 Nxe5 26. dxe5 Bxe5 27. Bd4
Nxd4 28. Nxd4 Qg4 29. Rb1 Bxd4 30. Qxd4 Re4 31. Qf2 Re2 32. Qg3 Qe4 33. Rf1 d4
34. Rbd1 Re8 35. Qf3 Qxf3 36. gxf3 1/2-1/2

[Event "14e Open International de la Reunion"]
[Site "St Denis"]
[Date "2012.10.11"]
[Round "7.7"]
[White "Boos, Olivier"]
[Black "Linder, Oliver"]
[Result "1/2-1/2"]
[WhiteElo "2014"]
[BlackElo "1980"]
[PlyCount "41"]
[EventDate "2012.??.??"]

1. Nf3 e6 2. g3 b5 3. Bg2 Bb7 4. O-O Nf6 5. a4 b4 6. c4 d5 7. cxd5 Bxd5 8. d3
Be7 9. Bf4 c5 10. Nbd2 Nbd7 11. Rc1 O-O 12. Nc4 h6 13. b3 Nb6 14. Nfd2 Bxg2 15.
Kxg2 Nfd5 16. Be5 Bf6 17. Ne4 Nxc4 18. Nxf6+ gxf6 19. dxc4 Ne3+ 20. fxe3 fxe5
21. Qc2 1/2-1/2

[Event "14e Open International de la Reunion"]
[Site "St Denis"]
[Date "2012.10.11"]
[Round "7.8"]
[White "Ramasindraibe, Girard"]
[Black "Frelicot, Eric"]
[Result "1-0"]
[WhiteElo "1982"]
[BlackElo "1827"]
[PlyCount "43"]
[EventDate "2012.??.??"]

1. e4 c6 2. Nc3 d5 3. Qf3 d4 4. Bc4 e6 5. Nce2 c5 6. Qg3 Nc6 7. a3 Nge7 8. f4
Ng6 9. Nf3 Qc7 10. O-O h6 11. d3 Bd7 12. Kh1 O-O-O 13. b4 cxb4 14. Nexd4 Nxd4
15. Nxd4 b5 16. Nxb5 Bxb5 17. Bxb5 Qb7 18. Bc4 Bc5 19. axb4 Qxb4 20. Ba3 Qb6
21. Rfb1 Qc7 22. Ba6+ 1-0

[Event "14e Open International de la Reunion"]
[Site "St Denis"]
[Date "2012.10.11"]
[Round "7.9"]
[White "Caron, Jean-Marie"]
[Black "Meier, Kurt"]
[Result "1-0"]
[WhiteElo "1872"]
[BlackElo "1960"]
[PlyCount "99"]
[EventDate "2012.??.??"]

1. c4 c5 2. Nc3 Nc6 3. g3 g6 4. Bg2 Bg7 5. d3 a6 6. Nf3 e6 7. O-O d6 8. Bf4 Nf6
9. Qc1 h6 10. h4 e5 11. Bd2 Be6 12. Nh2 Qc7 13. Nd5 Bxd5 14. cxd5 Nd4 15. Re1
Qd7 16. e3 Nf5 17. Bh3 Qb5 18. Bf1 Qd7 19. Be2 h5 20. Nf3 O-O 21. e4 Nd4 22.
Nxd4 cxd4 23. Qd1 Rac8 24. Qb3 Rc5 25. Rac1 Rfc8 26. Rxc5 Rxc5 27. Rc1 Rxc1+
28. Bxc1 b5 29. Qc2 Bf8 30. Bf1 Qa7 31. f3 Qc5 32. Qd1 Kh7 33. Bg5 Nd7 34. Bh3
Nb6 35. g4 hxg4 36. fxg4 Bh6 37. Bxh6 Kxh6 38. g5+ Kg7 39. Qf1 Na4 40. Qf6+ Kg8
41. Qd8+ Kg7 42. Qf6+ Kg8 43. h5 Qc1+ 44. Kg2 Qc2+ 45. Kh1 Qc1+ 46. Kh2 Qf4+
47. Qxf4 exf4 48. h6 Nxb2 49. e5 Nxd3 50. e6 1-0

[Event "14e Open International de la Reunion"]
[Site "St Denis"]
[Date "2012.10.11"]
[Round "7.10"]
[White "Rajaonson, Andriamahenina"]
[Black "Cochard, Franck-Olivier"]
[Result "1-0"]
[WhiteElo "1897"]
[BlackElo "1554"]
[PlyCount "63"]
[EventDate "2012.??.??"]

1. f4 Nf6 2. Nf3 d5 3. d3 c5 4. g3 g6 5. Bg2 Bg7 6. O-O O-O 7. Nc3 Nc6 8. e4 e6
9. e5 Nd7 10. Ne2 Bh6 11. c3 b5 12. g4 Qb6 13. h4 c4+ 14. d4 b4 15. Bd2 b3 16.
a3 Qd8 17. Qe1 Ne7 18. Ng3 Qb6 19. Rd1 Nc6 20. Bc1 Bg7 21. Kh1 Bb7 22. f5 Rfe8
23. h5 Ne7 24. f6 h6 25. hxg6 Nxg6 26. fxg7 Kxg7 27. Nh5+ Kh7 28. Ng5+ hxg5 29.
Rxf7+ Kh6 30. Bxg5+ Kxg5 31. Qe3+ Kxg4 32. Qg3+ 1-0

[Event "14e Open International de la Reunion"]
[Site "St Denis"]
[Date "2012.10.11"]
[Round "7.12"]
[White "Vitry, Patrick"]
[Black "Koch, Alain"]
[Result "1-0"]
[WhiteElo "1750"]
[BlackElo "1951"]
[PlyCount "93"]
[EventDate "2012.??.??"]

1. e4 e5 2. Nf3 Nc6 3. d4 exd4 4. Nxd4 d6 5. Be2 g6 6. Be3 Bg7 7. O-O Nge7 8.
f4 Nxd4 9. Bxd4 Bxd4+ 10. Qxd4 O-O 11. Nc3 Nc6 12. Qf2 f5 13. Bc4+ Kg7 14. Bd5
a6 15. Bxc6 bxc6 16. Qd4+ Qf6 17. e5 dxe5 18. fxe5 Qe6 19. Rae1 Re8 20. Rf3 Bb7
21. Rfe3 c5 22. Qxc5 Qc6 23. Qxc6 Bxc6 24. Kf2 Rab8 25. b3 g5 26. g3 Re6 27.
Ke2 Rd8 28. Kf2 g4 29. Rd3 Rde8 30. Nd5 Rxe5 31. Rxe5 Rxe5 32. Nxc7 a5 33. c3
Bf3 34. Re3 Kf6 35. Rxe5 Kxe5 36. Ke3 Be4 37. Nb5 h5 38. Nd4 h4 39. Ne2 hxg3
40. hxg3 a4 41. c4 Bc2 42. b4 a3 43. Nc3 f4+ 44. gxf4+ Kf5 45. b5 g3 46. b6 g2
47. Kf2 1-0

[Event "14e Open International de la Reunion"]
[Site "St Denis"]
[Date "2012.10.11"]
[Round "7.13"]
[White "Ratsimikatry, Caryl Patrick"]
[Black "Haanshuus, Aslak"]
[Result "1-0"]
[WhiteElo "1924"]
[BlackElo "2059"]
[PlyCount "115"]
[EventDate "2012.??.??"]

1. e4 c5 2. Nc3 Nc6 3. f4 e6 4. Nf3 d6 5. Bb5 Bd7 6. O-O Nge7 7. d4 Nxd4 8.
Nxd4 cxd4 9. Qxd4 Nc6 10. Bxc6 bxc6 11. Be3 c5 12. Qd2 Be7 13. Rad1 Qb6 14. b3
O-O 15. f5 Kh8 16. Rf3 f6 17. Bf4 Rad8 18. Kh1 Rf7 19. Bxd6 Bc8 20. Rd3 Ba6 21.
fxe6 Bxd3 22. exf7 Rxd6 23. cxd3 Qd8 24. Nd5 Bf8 25. Rc1 Rd7 26. b4 cxb4 27.
Nxb4 Rxf7 28. Qc3 h6 29. Nd5 Rb7 30. Kg1 Bd6 31. h3 Kh7 32. a4 Qb8 33. Qc8 Rb1
34. Qc4 Bh2+ 35. Kf1 Rxc1+ 36. Qxc1 Qb3 37. Qd2 Qxa4 38. Ke2 Bg1 39. Ne7 Qd4
40. Nf5 Qf2+ 41. Kd1 Qf1+ 42. Kc2 Qa1 43. Qc1 Qa4+ 44. Kd2 Bh2 45. Qb1 Bf4+ 46.
Ke2 Qd7 47. Qa2 Qc7 48. Nd4 Qd6 49. Qc4 Be5 50. Nf5 Qa3 51. Kf3 Qa1 52. d4 Qd1+
53. Qe2 Qb3+ 54. Qe3 Qd1+ 55. Qe2 Qxe2+ 56. Kxe2 g6 57. dxe5 gxf5 58. e6 1-0

[Event "14e Open International de la Reunion"]
[Site "St Denis"]
[Date "2012.10.11"]
[Round "7.14"]
[White "Lecoro, Sylvain"]
[Black "Duprey, Francois-Xavier"]
[Result "0-1"]
[WhiteElo "1713"]
[BlackElo "1792"]
[PlyCount "59"]
[EventDate "2012.??.??"]

1. e4 c5 2. d4 cxd4 3. c3 d5 4. Nf3 dxe4 5. Nxd4 a6 6. Nd2 Nf6 7. Bc4 b5 8. Bb3
e5 9. Ne2 Bb7 10. O-O Bc5 11. Ng3 Bxf2+ 12. Rxf2 e3 13. Rxf6 exd2 14. Rxf7 Bd5
15. Qh5 Bxb3 16. axb3 d1=Q+ 17. Rf1+ Qxh5 18. Nxh5 Qb6+ 19. Kh1 Qg6 20. Rf5 Nc6
21. Rg5 Qd3 22. Be3 Qxe3 23. Nxg7+ Kd7 24. Rd1+ Kc7 25. Rg3 Qe2 26. Rgd3 Kb6
27. Ne6 Rhe8 28. Ng7 Red8 29. Rxd8 Rxd8 30. Rxd8 0-1

[Event "14e Open International de la Reunion"]
[Site "St Denis"]
[Date "2012.10.11"]
[Round "7.15"]
[White "Rabe Andrianandrasan, Haingo"]
[Black "Folio, Cedric"]
[Result "1-0"]
[WhiteElo "1978"]
[BlackElo "1700"]
[PlyCount "71"]
[EventDate "2012.??.??"]

1. d4 Nf6 2. Nf3 d5 3. c4 dxc4 4. Nc3 c6 5. e4 Be6 6. Ng5 b5 7. Nxe6 fxe6 8. e5
Nd5 9. Ne4 Nd7 10. Ng5 Nc7 11. Qf3 Nf6 12. exf6 exf6 13. Qxc6+ Qd7 14. Qxd7+
Kxd7 15. Nf3 Be7 16. Be2 Rhd8 17. O-O Ke8 18. Bd2 Nd5 19. Rfe1 a5 20. Nh4 Kf7
21. g3 Rdc8 22. Rac1 Bd8 23. Bf3 Bb6 24. Nf5 Rd8 25. Ne3 Bxd4 26. Bc3 Bc5 27.
a3 Ra6 28. Rcd1 Bxe3 29. fxe3 Rdd6 30. Bd4 Rac6 31. e4 e5 32. exd5 Rc8 33. Bg4
Rcd8 34. Be6+ Kg6 35. Bc5 Ra6 36. Be7 1-0

[Event "14e Open International de la Reunion"]
[Site "St Denis"]
[Date "2012.10.11"]
[Round "7.16"]
[White "Strate, Wolfgang"]
[Black "Goorsahye, Antoine"]
[Result "0-1"]
[WhiteElo "1689"]
[BlackElo "1899"]
[PlyCount "42"]
[EventDate "2012.??.??"]

1. d4 d5 2. e4 dxe4 3. Nc3 e5 4. dxe5 Qxd1+ 5. Kxd1 Bf5 6. f3 exf3 7. Nxf3 Nc6
8. Bb5 O-O-O+ 9. Bd2 Nd4 10. Nxd4 Rxd4 11. Rf1 Bg6 12. Rf4 Rd8 13. Bc4 Bc5 14.
Kc1 Nh6 15. Ne4 Bb6 16. Ng5 Nf5 17. Nxf7 Rxd2 18. Nxh8 Be3 19. Be6+ Kb8 20. Rf3
Rxg2+ 21. Kd1 Bh5 0-1

[Event "14e Open International de la Reunion"]
[Site "St Denis"]
[Date "2012.10.11"]
[Round "7.17"]
[White "Frisk, Anders"]
[Black "Nassau, Pierre-Alexandre"]
[Result "1-0"]
[WhiteElo "1847"]
[BlackElo "1675"]
[PlyCount "123"]
[EventDate "2012.??.??"]

1. c4 e5 2. Nc3 Nc6 3. Nf3 Nf6 4. g3 Bc5 5. Bg2 O-O 6. O-O a6 7. a3 d6 8. d3 h6
9. e3 Bg4 10. h3 Bh5 11. Qc2 Rb8 12. b4 Ba7 13. Nd5 Re8 14. Nh4 Rc8 15. Bd2 e4
16. Nxf6+ Qxf6 17. dxe4 Ne5 18. f4 Nd7 19. Kh2 Qd8 20. Nf5 f6 21. Rfe1 Bf7 22.
Rad1 Rb8 23. Bc1 Qc8 24. Nd4 Nb6 25. Bf1 Bg6 26. Bd3 Bh5 27. g4 Bf7 28. Bb2 Nd7
29. Nf5 Be6 30. Ng3 Bf7 31. Qc3 Ra8 32. g5 hxg5 33. fxg5 Ne5 34. Rf1 fxg5 35.
Nf5 Kh7 36. Be2 g6 37. Nd4 Re7 38. Nf3 Kh6 39. Nxe5 dxe5 40. Rg1 Qe8 41. Rg3
Re6 42. Rdg1 Qe7 43. c5 Re8 44. Bc4 Rf6 45. Bxf7 Rxf7 46. Qe1 Ref8 47. R1g2 b6
48. h4 bxc5 49. Rxg5 Kh7 50. Rxe5 Qd6 51. Qg3 Rf3 52. Qg5 Qd7 53. Re7+ Qxe7 54.
Qxe7+ R8f7 55. Qe5 R3f6 56. bxc5 c6 57. Bd4 Rf8 58. Qxf6 Bb8+ 59. Kh3 Rxf6 60.
Bxf6 Bc7 61. Kg4 Ba5 62. Kg5 1-0

[Event "14e Open International de la Reunion"]
[Site "St Denis"]
[Date "2012.10.11"]
[Round "7.18"]
[White "Han Yee Yu, Jerome"]
[Black "Dalleau, Philippe"]
[Result "0-1"]
[WhiteElo "1603"]
[BlackElo "1846"]
[PlyCount "72"]
[EventDate "2012.??.??"]

1. e4 c5 2. Nf3 d6 3. d3 Nc6 4. Nbd2 g6 5. g3 Bg7 6. Bg2 Nf6 7. O-O O-O 8. Re1
Qc7 9. h4 Bg4 10. Nf1 b5 11. N1h2 Bd7 12. Bg5 Rab8 13. Qd2 Rfe8 14. Bh6 Bh8 15.
Qg5 e5 16. Kh1 Nd8 17. Qd2 Ne6 18. c3 a5 19. Ng5 Nh5 20. Nh3 b4 21. g4 bxc3 22.
bxc3 Nhf4 23. Nxf4 exf4 24. Rac1 Qd8 25. Nf3 a4 26. Bh3 a3 27. Rb1 Qa5 28. e5
Bc6 29. Bg2 Bxf3 30. Bxf3 dxe5 31. Qc2 Qd8 32. g5 Ng7 33. Qa4 Nf5 34. h5 Nxh6
35. gxh6 Qxd3 36. Bc6 Rxb1 0-1

[Event "14e Open International de la Reunion"]
[Site "St Denis"]
[Date "2012.10.11"]
[Round "7.19"]
[White "Jotee, Ashvin"]
[Black "Craquelin, Mathie"]
[Result "0-1"]
[WhiteElo "1799"]
[BlackElo "1590"]
[PlyCount "186"]
[EventDate "2012.??.??"]

1. c4 e5 2. Nc3 Nc6 3. Nf3 Nf6 4. g3 Be7 5. Bg2 d6 6. d4 exd4 7. Nxd4 Ne5 8. b3
Rb8 9. O-O O-O 10. Bb2 Bd7 11. Re1 Re8 12. Nf3 Nxf3+ 13. Bxf3 Qc8 14. Nd5 Nxd5
15. cxd5 Qd8 16. Rc1 Rc8 17. Rc2 Bf6 18. Bxf6 Qxf6 19. Qc1 Qd8 20. Qf4 Re5 21.
Qb4 b6 22. Rec1 Bh3 23. Rc4 Bf5 24. Qc3 Re7 25. Qd4 Re5 26. e4 Bh3 27. Re1 Qf6
28. Bg2 Bxg2 29. Kxg2 Qd8 30. f4 Re7 31. e5 dxe5 32. fxe5 Kf8 33. Rc2 a5 34.
Rec1 Ra8 35. Rc6 Rd7 36. Rd1 Rc8 37. Qe4 Kg8 38. Qc4 Kf8 39. d6 Qe8 40. Rxc7
Rdxc7 41. dxc7 Qe7 42. Qd5 Qxc7 43. Qd6+ Qe7 44. Re1 Qxd6 45. exd6 Rd8 46. Rd1
f6 47. Rc1 Rxd6 48. Kf3 Rd2 49. Rc6 Rxa2 50. Rxb6 Rxh2 51. Ra6 Rb2 52. Rxa5
Rxb3+ 53. Kg4 Rb4+ 54. Kf5 Rb8 55. Ra7 Re8 56. Kf4 Re7 57. Ra8+ Kf7 58. Ra5 Kg6
59. g4 Re5 60. Ra7 Rc5 61. Rd7 Rc4+ 62. Kg3 Rc3+ 63. Kf4 Rc1 64. Rd5 Rf1+ 65.
Kg3 Re1 66. Kf4 Re5 67. Rd7 Rg5 68. Rc7 h5 69. gxh5+ Rxh5 70. Rd7 Rh7 71. Rd5
Rh5 72. Rd7 Re5 73. Rc7 Kh6 74. Rf7 g5+ 75. Kf3 Kg6 76. Rc7 Re6 77. Rc8 Kf5 78.
Rc5+ Re5 79. Rc7 g4+ 80. Kf2 Kg5 81. Rc8 Kf4 82. Rf8 f5 83. Rg8 Re3 84. Rf8 Ra3
85. Kg2 Ra2+ 86. Kf1 g3 87. Rf7 g2+ 88. Kg1 Kg3 89. Rg7+ Kf3 90. Kh2 f4 91. Rg6
Rf2 92. Rg7 Ke2 93. Re7+ Kf1 0-1

[Event "14e Open International de la Reunion"]
[Site "St Denis"]
[Date "2012.10.11"]
[Round "7.20"]
[White "Genne, Rene"]
[Black "Oster, Jean-Marie"]
[Result "1-0"]
[WhiteElo "1795"]
[BlackElo "1571"]
[PlyCount "67"]
[EventDate "2012.??.??"]

1. b4 e6 2. Bb2 Nf6 3. b5 b6 4. e3 d5 5. Nf3 Bb7 6. Be2 Be7 7. O-O O-O 8. a4 c6
9. c4 dxc4 10. Bxc4 cxb5 11. axb5 Nbd7 12. Be2 Nc5 13. d4 Nce4 14. Nbd2 Ne8 15.
Nxe4 Bxe4 16. Nd2 Bb7 17. Nf3 Nd6 18. Ne5 Bf6 19. Nc6 Bxc6 20. bxc6 Qc7 21. Bf3
Rfc8 22. Qb3 g6 23. Rfc1 b5 24. e4 Bg5 25. Rc2 Qb6 26. d5 Re8 27. e5 Nc4 28. d6
Na5 29. Qd3 Rad8 30. Bd4 Qa6 31. g3 f6 32. Rca2 fxe5 33. Bxe5 Qb6 34. Rxa5 1-0

[Event "14e Open International de la Reunion"]
[Site "St Denis"]
[Date "2012.10.11"]
[Round "7.21"]
[White "Ringayen, Rose-May"]
[Black "Mablouke, Ulrich"]
[Result "0-1"]
[WhiteElo "1567"]
[BlackElo "1785"]
[PlyCount "144"]
[EventDate "2012.??.??"]

1. e4 e6 2. d4 d5 3. exd5 exd5 4. c4 dxc4 5. Bxc4 Nc6 6. Nf3 Bb4+ 7. Nc3 Qe7+
8. Be3 Bg4 9. O-O Nf6 10. Re1 O-O 11. Bd2 Qd8 12. h3 Bxf3 13. Qxf3 Nxd4 14. Qd1
Re8 15. Be3 Nf5 16. Qb3 Qe7 17. Rad1 Bxc3 18. Qxc3 Nxe3 19. Rxe3 Qf8 20. Red3
Ne4 21. Qd4 c5 22. Qd7 b6 23. Rf3 Nf6 24. Qf5 Rad8 25. Rxd8 Rxd8 26. Rd3 Rxd3
27. Bxd3 Qd8 28. Qf4 g6 29. Be2 Kg7 30. g4 Qd4 31. Qxd4 cxd4 32. Bd3 Nd5 33.
Bc4 Nf4 34. h4 Kf6 35. Kf1 h5 36. g5+ Ke5 37. Bb5 f6 38. gxf6 Kxf6 39. Bc6 g5
40. hxg5+ Kxg5 41. Bf3 h4 42. Ke1 Nd3+ 43. Ke2 Nxb2 44. Kd2 Kf4 45. Bg2 Ke5 46.
Kc2 Nc4 47. Kd3 Nd6 48. a4 a5 49. Bc6 h3 50. Bf3 Nf5 51. Bg4 h2 52. Bf3 Ne7 53.
Kc4 Nf5 54. Kd3 Nd6 55. Bg2 b5 56. f4+ Kxf4 57. Kxd4 b4 58. Kd3 Nc8 59. Kc4
Nb6+ 60. Kb3 Ke5 61. Bf3 Kd4 62. Bg2 Nc4 63. Bb7 Nd2+ 64. Kc2 Ne4 65. Bxe4 Kxe4
66. Kb3 h1=Q 67. Kc4 b3 68. Kc5 b2 69. Kb6 b1=Q+ 70. Kc5 Qh5+ 71. Kc6 Qd5+ 72.
Kc7 Qbb7# 0-1

[Event "14e Open International de la Reunion"]
[Site "St Denis"]
[Date "2012.10.11"]
[Round "7.22"]
[White "Rivolo, Jean-Guillaume"]
[Black "Desire, Michael"]
[Result "1/2-1/2"]
[WhiteElo "1486"]
[BlackElo "1780"]
[PlyCount "114"]
[EventDate "2012.??.??"]

1. d4 Nf6 2. Nf3 d5 3. Bg5 c6 4. e3 Qb6 5. b3 Ne4 6. Bf4 e5 7. Bxe5 Bb4+ 8.
Nfd2 O-O 9. Be2 Qa5 10. Bd3 Nd7 11. Bf4 Ndf6 12. a3 Re8 13. Be5 c5 14. Bxf6
Nxf6 15. O-O cxd4 16. exd4 Bg4 17. Nf3 Re6 18. c4 Rae8 19. Qc2 Bxf3 20. gxf3
Bd6 21. Nd2 dxc4 22. Nxc4 Qg5+ 23. Kh1 Qf4 24. Nxd6 Qxf3+ 25. Kg1 Rxd6 26. Rfe1
Rxd4 27. Bxh7+ Kh8 28. Rxe8+ Nxe8 29. Re1 Rg4+ 30. Kf1 Qh1+ 31. Ke2 Qxh2 32.
Bd3 Rg2 33. Kd1 Rg1 34. Qc8 Rxe1+ 35. Kxe1 Qe5+ 36. Kf1 Kg8 37. Qxb7 Qa1+ 38.
Kg2 Qxa3 39. Bc4 Nd6 40. Qb8+ Kh7 41. Qd8 Qc5 42. Qh4+ Kg6 43. Bd3+ Nf5 44.
Qg4+ Kf6 45. Bxf5 Qxf5 46. Qd4+ Qe5 47. Qxa7 Qd5+ 48. Kg1 Qxb3 49. Qd4+ Kg6 50.
Qg4+ Kf6 51. Qd4+ Kf5 52. Qxg7 Qd1+ 53. Kg2 Qg4+ 54. Qxg4+ Kxg4 55. f3+ Kf4 56.
Kf2 f5 57. Ke2 Kg3 1/2-1/2

[Event "14e Open International de la Reunion"]
[Site "St Denis"]
[Date "2012.10.11"]
[Round "7.23"]
[White "Olivier, Tom"]
[Black "Andriandaza, Tombo Omar"]
[Result "0-1"]
[WhiteElo "1760"]
[BlackElo "1567"]
[PlyCount "59"]
[EventDate "2012.??.??"]

1. d4 Nf6 2. Nf3 d5 3. c4 Bf5 4. Nc3 e6 5. Bg5 Be7 6. e3 Ne4 7. Bxe7 Qxe7 8.
Nxe4 Bxe4 9. a3 O-O 10. Bd3 Bxf3 11. Qxf3 c6 12. O-O Nd7 13. cxd5 exd5 14. b4
a6 15. Qe2 f5 16. Qc2 g6 17. Rae1 Nf6 18. Qc5 Qc7 19. h3 h5 20. f4 h4 21. Rc1
Rae8 22. Rfe1 Re7 23. Kf2 Rfe8 24. a4 Nh5 25. Qc3 Re6 26. b5 axb5 27. axb5 Kg7
28. Qa3 Nxf4 29. bxc6 bxc6 30. Rc3 0-1

[Event "14e Open International de la Reunion"]
[Site "St Denis"]
[Date "2012.10.11"]
[Round "7.24"]
[White "Herrero, Alain"]
[Black "Denis, Valentin"]
[Result "0-1"]
[WhiteElo "1726"]
[BlackElo "1498"]
[PlyCount "54"]
[EventDate "2012.??.??"]

1. d4 e6 2. c4 d5 3. Nc3 Nf6 4. cxd5 exd5 5. Bg5 Bb4 6. e3 Nc6 7. Bd3 h6 8. Bh4
Qe7 9. Nge2 Bg4 10. Qc2 O-O-O 11. a3 Bxc3+ 12. bxc3 g5 13. Bg3 Ne4 14. O-O f5
15. h3 Bxe2 16. Bxe2 Nxg3 17. fxg3 Qxe3+ 18. Kh2 f4 19. gxf4 gxf4 20. Bg4+ Kb8
21. Rf3 Qe7 22. Rxf4 Qd6 23. g3 h5 24. Bf5 h4 25. Qf2 Ne7 26. Bg4 Ng6 27. Rf6
hxg3+ 0-1

[Event "14e Open International de la Reunion"]
[Site "St Denis"]
[Date "2012.10.11"]
[Round "7.25"]
[White "Weber, Richard"]
[Black "Chan-Faye, Yoann"]
[Result "1/2-1/2"]
[WhiteElo "1811"]
[BlackElo "1532"]
[PlyCount "128"]
[EventDate "2012.??.??"]

1. e4 c5 2. Nf3 d6 3. d4 cxd4 4. Nxd4 Nf6 5. Nc3 g6 6. Bd3 Bg7 7. Be3 Nc6 8.
O-O O-O 9. f3 a6 10. Nxc6 bxc6 11. Qd2 Re8 12. a4 Qc7 13. a5 c5 14. Bc4 Bb7 15.
Bh6 Bh8 16. Rfb1 Rab8 17. Ra2 e6 18. Na4 d5 19. exd5 exd5 20. Bf4 Qc6 21. Bxb8
Rxb8 22. Bf1 Qd6 23. Nb6 Re8 24. Re1 Rxe1 25. Qxe1 d4 26. Nc4 Qc7 27. Qe5 Qxe5
28. Nxe5 Nd5 29. Nd7 Nb4 30. Nxc5 Nxa2 31. Nxb7 Nb4 32. Bd3 Be5 33. Nc5 Nc6 34.
Nxa6 Nxa5 35. b4 Nb7 36. b5 Bd6 37. Be4 Nc5 38. Nxc5 Bxc5 39. Kf1 Kf8 40. Ke2
Ke7 41. g4 h6 42. Kd3 Kd6 43. Kc4 Bb6 44. c3 dxc3 45. Kxc3 Kc5 46. Bc6 g5 47.
Kd3 Kd6 48. Ke4 Ke6 49. Bd5+ Kf6 50. h3 Bc5 51. f4 gxf4 52. Kxf4 Bb6 53. h4 Bc5
54. g5+ hxg5+ 55. hxg5+ Kg6 56. Be4+ Kg7 57. Kf5 Bd4 58. Bc6 Bc5 59. Bd7 Bb6
60. Be8 Bc5 61. Bc6 Bb6 62. Bd5 Bc5 63. Bxf7 Kxf7 64. g6+ Kg7 1/2-1/2

[Event "14e Open International de la Reunion"]
[Site "St Denis"]
[Date "2012.10.11"]
[Round "7.26"]
[White "Bah, Ismael"]
[Black "Lecaille, Max"]
[Result "1-0"]
[WhiteElo "1768"]
[BlackElo "1545"]
[PlyCount "31"]
[EventDate "2012.??.??"]

1. b3 e5 2. Bb2 Nc6 3. c4 Bc5 4. e3 Nf6 5. Nc3 O-O 6. d3 Re8 7. Be2 a5 8. a3 b6
9. Qc2 Qe7 10. Nb5 Qd8 11. Nf3 d5 12. cxd5 Ba6 13. dxc6 Bxb5 14. Nxe5 Re6 15.
d4 Bd6 16. Bxb5 1-0

[Event "14e Open International de la Reunion"]
[Site "St Denis"]
[Date "2012.10.11"]
[Round "7.27"]
[White "Karcher, Roger"]
[Black "Deurvillier, Martial"]
[Result "1/2-1/2"]
[WhiteElo "1570"]
[BlackElo "1620"]
[PlyCount "67"]
[EventDate "2012.??.??"]

1. c4 e6 2. g3 Nf6 3. Nf3 Be7 4. Bg2 O-O 5. O-O d5 6. cxd5 exd5 7. d4 c6 8. a3
a5 9. Nc3 Bf5 10. Nh4 Be6 11. e4 dxe4 12. Nxe4 Nxe4 13. Bxe4 Bxh4 14. gxh4 Bd5
15. Bxd5 Qxd5 16. Qg4 g6 17. Be3 Nd7 18. Qg5 Qxg5+ 19. hxg5 Nb6 20. h4 Nd5 21.
Rfe1 Rfe8 22. Kg2 Re4 23. Kh3 Rae8 24. Bd2 Rxe1 25. Rxe1 Rxe1 26. Bxe1 a4 27.
Kg4 Kf8 28. f4 Ne3+ 29. Kf3 Nd5 30. Ke4 Ke7 31. Ke5 b6 32. Bb4+ Ke8 33. Be1 Ke7
34. Bb4+ 1/2-1/2

[Event "14e Open International de la Reunion"]
[Site "St Denis"]
[Date "2012.10.11"]
[Round "7.29"]
[White "Romain, Arnaud"]
[Black "Altiery, Hugo"]
[Result "1-0"]
[WhiteElo "1660"]
[BlackElo "1400"]
[PlyCount "97"]
[EventDate "2012.??.??"]

1. d4 d5 2. Nf3 Nf6 3. Nc3 c6 4. Bf4 Nbd7 5. e3 e6 6. a3 b5 7. Bd3 a6 8. O-O c5
9. dxc5 Nxc5 10. Re1 Bb7 11. b4 Nxd3 12. cxd3 Rc8 13. Qb3 Bd6 14. Bxd6 Qxd6 15.
a4 Qc6 16. Rec1 O-O 17. axb5 axb5 18. Nd4 Qc7 19. Nce2 Qd7 20. Rc5 Ra8 21. Rac1
Rfc8 22. Rxc8+ Bxc8 23. Qb2 Qb7 24. Rc5 Bd7 25. Nc3 Qa6 26. h3 Rb8 27. Qa2 Qxa2
28. Nxa2 e5 29. Nc6 Bxc6 30. Rxc6 h6 31. Rc5 Kf8 32. Nc3 e4 33. d4 Ke7 34.
Nxd5+ Nxd5 35. Rxd5 Ke6 36. Re5+ Kd6 37. Rxe4 Kd5 38. f3 Rc8 39. Re5+ Kc4 40.
Rc5+ Rxc5 41. dxc5 Kxb4 42. c6 Ka4 43. c7 b4 44. c8=Q b3 45. Qd7+ Ka3 46. Qxf7
b2 47. Qa7+ Kb3 48. Qb6+ Kc2 49. e4 1-0